Literatura jakožto umělecké svědectví : ruská a sovětská poezie a próza let 1941-1945 /

Hlavní autor: Olonova, Èl‘vira Michajlovna, 1931-
Jazyk: Čeština
Vydáno: Praha : Academia, 1989
Edice: Rozpravy Československé akademie věd. Řada společenských věd ; seš. 5
Témata:
Fyzický popis: 75 s.
Knihy
Uloženo v:
LEADER 01205nam a2200277 a 4500
001 000029328
003 CZ BrMZK
005 20230106121538.0
007 ta
008 950707s1989 xr f cze d
040 |a BOA001  |b cze 
041 1 |a cze  |b eng  |b rus 
080 |a 882.09"1941/1945"  |2 MRF 
100 1 |a Olonova, Èl‘vira Michajlovna,  |d 1931-  |7 av20221168778  |4 aut 
245 1 0 |a Literatura jakožto umělecké svědectví :  |b ruská a sovětská poezie a próza let 1941-1945 /  |c El'vira Michajlovna Olonova 
260 |a Praha :  |b Academia,  |c 1989 
300 |a 75 s. 
490 1 |a Rozpravy Československé akademie věd. Řada společenských věd ;  |v seš. 5 
810 2 |a Československá akademie věd.  |t Rozpravy.  |p Řada společenských věd  |0 s 
910 |a BOA001  |b PK-0112.235  |b 2-0950.861 
964 |a Literatura ruská sovětská - r.1941-1945 
990 |a BK 
991 |b 200606 
996 7 |b 2619341196  |c 2-0950.861  |l MZK  |r Sklad / do 1 hodiny  |n 0  |w 000029328  |u 000030  |a 1  |e BOA001  |j MZK50  |s A 
996 7 |b 3119948156  |c PK-0112.235  |l MZK  |r Sklad / do 1 hodiny  |n 0  |w 000029328  |u 000020  |a 1  |e BOA001  |j MZK50  |s A 
996 7 |b 3119991418  |c PK-0112.235  |l MZK  |r Sklad / do 1 hodiny  |n 0  |w 000029328  |u 000010  |a 1  |e BOA001  |j MZK50  |s A